Countries by Independence in 90 Seconds - Statistics

General Stats
  • This quiz has been taken 2,438 times
  • The average score is 144 of 181
Answers on the Map
Answers color-coded by a green-red scale on the quiz's map according to % correct below.
 
Answer Stats
Independence From Country % Correct
United Kingdom Antigua and Barbuda
99%
United Kingdom Australia
99%
United Kingdom Bahamas
99%
United Kingdom Bahrain
99%
United Kingdom Barbados
99%
United Kingdom Belize
99%
United Kingdom Botswana
99%
United Kingdom Brunei
99%
United Kingdom Cameroon
99%
United Kingdom Canada
99%
United Kingdom Dominica
99%
United Kingdom Egypt
99%
United Kingdom Fiji
99%
United Kingdom Gambia
99%
United Kingdom Ghana
99%
United Kingdom Grenada
99%
United Kingdom Guyana
99%
United Kingdom India
99%
United Kingdom Ireland
99%
United Kingdom Israel
99%
United Kingdom Jamaica
99%
United Kingdom Kenya
99%
United Kingdom Kiribati
99%
United Kingdom Lesotho
99%
United Kingdom Malawi
99%
United Kingdom Malaysia
99%
United Kingdom Maldives
99%
United Kingdom Malta
99%
United Kingdom Mauritius
99%
France/Spain Morocco
99%
United Kingdom Myanmar
99%
Australia/New Zealand/United Kingdom Nauru
99%
United Kingdom New Zealand
99%
United Kingdom Nigeria
99%
United Kingdom Pakistan
99%
United Kingdom Qatar
99%
United Kingdom Saint Kitts and Nevis
99%
United Kingdom Saint Lucia
99%
United Kingdom Saint Vincent and Grenadines
99%
United Kingdom Seychelles
99%
United Kingdom Sierra Leone
99%
United Kingdom Solomon Islands
99%
United Kingdom/Italy Somalia
99%
United Kingdom South Africa
99%
United Kingdom Sri Lanka
99%
United Kingdom Sudan
99%
United Kingdom Swaziland
99%
United Kingdom Tanzania
99%
United Kingdom Tonga
99%
United Kingdom Trinidad and Tobago
99%
United Kingdom Tuvalu
99%
United Kingdom Uganda
99%
United Kingdom United Arab Emirates
99%
United Kingdom United States
99%
United Kingdom/France Vanuatu
99%
United Kingdom Yemen
99%
United Kingdom Zambia
99%
United Kingdom Zimbabwe
99%
United Kingdom Cyprus
98%
Spain Argentina
96%
Spain Bolivia
96%
Spain Chile
96%
Spain Colombia
96%
Spain Equatorial Guinea
96%
Spain Mexico
96%
Spain Netherlands
96%
Spain Panama
96%
Spain Peru
96%
France Algeria
95%
France Andorra
95%
France Benin
95%
France Burkina Faso
95%
France Cambodia
95%
France Central African Republic
95%
France Chad
95%
France Comoros
95%
France Côte d'Ivoire
95%
France Djibouti
95%
France Gabon
95%
France Guinea
95%
France Haiti
95%
France Laos
95%
France Lebanon
95%
France Libya
95%
France Madagascar
95%
France Mali
95%
France Mauritania
95%
France Niger
95%
Germany/Soviet Union Poland
95%
France Republic of the Congo
95%
France Senegal
95%
France Togo
95%
France Tunisia
95%
Portugal Angola
94%
Portugal Brazil
94%
Portugal Cape Verde
94%
Portugal Guinea Bissau
94%
Portugal Mozambique
94%
Portugal São Tomé and Príncipe
94%
Russia Finland
91%
Germany Albania
83%
Germany Austria
83%
Germany Belgium
83%
Germany Denmark
83%
Germany France
83%
Germany Luxembourg
83%
Germany Monaco
83%
China Mongolia
82%
China Taiwan
82%
Soviet Union Armenia
79%
Soviet Union Azerbaijan
79%
Soviet Union Belarus
79%
United States Cuba
79%
Soviet Union Estonia
79%
United States Federated States of Micronesia
79%
Soviet Union Georgia
79%
Netherlands Indonesia
79%
Soviet Union Kazakhstan
79%
Soviet Union Kyrgyzstan
79%
Soviet Union Latvia
79%
Soviet Union Lithuania
79%
United States Marshall Islands
79%
Soviet Union Moldova
79%
Soviet Union North Korea
79%
United States Palau
79%
United States Philippines
79%
Soviet Union Russia
79%
United States South Korea
79%
Netherlands Suriname
79%
Soviet Union Tajikistan
79%
Soviet Union Turkmenistan
79%
Soviet Union Ukraine
79%
Soviet Union Uzbekistan
79%
Belgium Burundi
77%
Belgium Democratic Republic of the Congo
77%
Belgium Rwanda
77%
Italy Ethiopia
76%
Italy Vatican City
76%
Denmark Iceland
67%
Denmark Sweden
67%
Ottoman Empire Bulgaria
63%
Ottoman Empire Greece
63%
Ottoman Empire Iraq
63%
Ottoman Empire Romania
63%
Ottoman Empire Saudi Arabia
63%
Ottoman Empire Syria
63%
Ottoman Empire Turkey
63%
Yugoslavia Bosnia and Herzegovina
56%
Yugoslavia Croatia
56%
Yugoslavia Macedonia
56%
Yugoslavia Slovenia
56%
Brazil Paraguay
49%
Brazil Uruguay
49%
Gran Colombia Ecuador
45%
Gran Colombia Venezuela
45%
Austria Hungary Hungary
43%
Sudan South Sudan
43%
Austria Switzerland
42%
Arab Federation Jordan
37%
Australia Papua New Guinea
37%
South Africa Namibia
36%
Persia Oman
36%
Pakistan Bangladesh
35%
Czechoslovakia Czech Republic
35%
Czechoslovakia Slovakia
35%
Ethiopia Eritrea
34%
Serbia Kosovo
31%
Iraq Kuwait
25%
Indonesia East Timor
24%
Roman Empire San Marino
18%
Central America Costa Rica
16%
Central America El Salvador
16%
Central America Guatemala
16%
Central America Honduras
16%
Central America Nicaragua
15%
Haiti Dominican Republic
12%
Serbia and Montenegro Serbia
10%
Serbia and Montenegro Montenegro
8%
Holy Roman Empire Liechtenstein
6%
Malaysia Singapore
6%
Denmark-Norway Norway
3%
No matching quizzes found
Score Distribution
Percent of People with Each Score
Percentile by Number Answered
Your Score History
You have not taken this quiz